000 00318nam a22001337a 4500
008 181030b xxu||||| |||| 00| 0 eng d
020 _a9780765703842
041 _aeng
080 _22nd
_a159.9
100 _a48
101 _aPSI
245 _aTreatment of Depression and Related Moods
_cBadal,D.W
942 _2udc
_cBK
999 _c51093
_d51093